Statistics for 32 Symbols Found in Ancient Caves Throughout Europe

Click here to take the quiz!

General Stats

  • This quiz has been taken 111 times
  • The average score is 8 of 32

Answer Stats

Symbol % Correct
W-Sign
68%
Circle
57%
Quadrangle
55%
Triangle
55%
Asterisk
49%
Positive Hand
46%
Negative Hand
46%
Line
45%
Penniform (Feather)
36%
Dot
34%
Open-Angle
29%
Cruciform (Cross)
26%
Segmented Cruciform
26%
Oval
24%
Y-Sign
23%
Unciform (Hook)
23%
Spiral
21%
Aviform (Bird)
21%
Claviform (Club)
20%
Cordiform (Heart)
16%
Half-Circle
15%
Serpentiform (Snake)
15%
Zigzag
12%
Finger Fluting
11%
Crosshatch
8%
Cupule (Cup)
6%
Scalariform (Ladder)
4%
Spanish Tectiform
4%
Tectiform (Roof)
4%
Reniform (Kidney)
3%
Pectiform (Comb)
3%
Flabelliform (Fan)
2%

Score Distribution

Percentile by Number Answered

Percent of People with Each Score

Your Score History

You have not taken this quiz